1548 1415 1565 1034 1184 1496 1635 1671 1982 1579 1545 1064 1403 1646 1076 1605 1025 1129 1789 1221 1637 1098 1666 1356 1844 1406 1134 1071 1192 1183 1858 1893 1808 1474 1186 1570 1413 1094 1437 1726 1385 1670 1603 1057 1459 1063 1027 1199 1979 1431 1369 1988 1669 1861 1533 1386 1719 1437 1798 1117 1735 1573 1138 1598 1446 1281 1030 1597 1351 1805 1043 1802 1248 1084 1733 1302 1384 1229 1648 1639 1857 1909 1188 1586 1963 1423 1583 1770 1462 1877 1056 1662 1054 1963 1719 1796 1520 1462 1210 BCNSPRNW ULIB Ver.6.0+V

เปลี่ยนเป็นภาษาไทย

Change to English
 แสดงรายละเอียดบรรณานุกรม
  กลับหน้าหลัก

Brief Record : Get Marc (ISO 2709) : E-mail record : QR code < ปิดหน้าต่าง
LEADER : 00000nam 2200000uu 4500
001    13399121421
003     ULIB
008    120626s2546||||th 000 0 tha d
020    ^a9749172671
090    ^aรส.^bอ799ท
100 0  ^aอุดร ทองน้อย
245 10 ^aทุ่งนา ป่าดอน นครคน /^cอุดร ทองน้อย
250    ^aพิมพ์ครั้งที่ 22
260    ^aกรุงเทพฯ :^bมูลนิธิสถาบันวิชาการ 14 ตุลา,^c2546
300    ^a131 หน้า ;^c21 ซม.
490 0  ^aหนังสือชุด ตุลาวรรณกรรม
500    ^aฉลองครบรอบ 30 ปี 14 ตุลา : 2516-2546 ร่วมวาระประวัติศาสตร์ วัน 14 ตุลา ประชาธิปไตย
650  4 ^aความเรียง
710 2  ^aมูลนิธิสถาบันวิชาการ 14 ตุลา
945    ^p0^l0^i14373
995    ^aทศพร
999 ^a ใช้งานได้ทุกระบบ
รายการนี้ยังไม่มีแท็ก
คุณยังไม่ได้ล็อกอิน คุณสามารถมีกิจกรรมร่วมกับเว็บไซต์ได้ แต่ต้องล็อกอินก่อน ::
  ล็อกอิน

รายการสื่อสารสนเทศ

ลำดับที่ ประเภท เลขเรียก/บาร์โค้ด สถานที่ สถานะ
1. นวนิยาย
นวนิยาย
รส. อ799ท ฉ.1 
  Barcode: 14373
ห้องสมุดวิทยาเขตสวรรค์ประชารักษ์
►นวนิยาย
บนชั้น
  ขอยืม

รายการใกล้เคียง
    หัวเรื่อง [ความเรียง]

BibComment


ยังไม่เคยถูกคอมเมนท์

คอมเมนท์ทรัพยากรรายการนี้
  คอมเมนท์: ทุ่งนา ป่าดอน นค..


 Copyright 2026. Bcnsprnw @Library